[Event "3. Torneo Internacional A.D. San Juan"]
[Site "Pamplona ESP"]
[Date "2009.08.02"]
[Round "9.13"]
[White "Villavicencio Martinez, Adalber"]
[Black "Vera Gonzalez-Quevedo, Reynaldo"]
[Result "1/2-1/2"]
[WhiteElo "2340"]
[BlackElo "2499"]
[PlyCount "23"]
[EventDate "2009.07.27"]
[EventType "swiss"]
[EventRounds "9"]
[EventCountry "ESP"]
[Source "lmi"]
[SourceDate "2009.07.27"]

1. e4 e5 2. Nf3 Nc6 3. Bb5 a6 4. Ba4 Nf6 5. O-O Be7 6. Re1 b5 7. Bb3 O-O 8. d3
d6 9. c3 Na5 10. Bc2 c5 11. Nbd2 Nc6 12. Nf1 1/2-1/2

[Event "3. Torneo Internacional A.D. San Juan"]
[Site "Pamplona ESP"]
[Date "2009.08.02"]
[Round "9.14"]
[White "Garbisu De Goni, Unai"]
[Black "Mihailovs, Jurijs"]
[Result "0-1"]
[WhiteElo "2467"]
[BlackElo "2408"]
[PlyCount "66"]
[EventDate "2009.07.27"]
[EventType "swiss"]
[EventRounds "9"]
[EventCountry "ESP"]
[Source "lmi"]
[SourceDate "2009.07.27"]

1. e4 c5 2. Nf3 e6 3. d4 cxd4 4. Nxd4 a6 5. Bd3 Bc5 6. Nb3 Ba7 7. Nc3 Nc6 8.
Qg4 Nf6 9. Qg3 d6 10. O-O b5 11. Kh1 h5 12. f4 h4 13. Qh3 Nh5 14. Bd2 Ne7 15.
Rae1 g5 16. Ne2 gxf4 17. Ba5 Bb6 18. Bxb6 Qxb6 19. e5 dxe5 20. Nc3 f6 21. Be4
Ra7 22. a4 Rc7 23. axb5 axb5 24. Ra1 Kf7 25. Ra8 Rh6 26. Nd2 b4 27. Na4 Qd4 28.
Bd3 Bb7 29. Ra5 Nf5 30. Bxf5 exf5 31. Nf3 Bxf3 32. gxf3 Rxc2 33. Rb5 Ng3+ 0-1

[Event "3. Torneo Internacional A.D. San Juan"]
[Site "Pamplona ESP"]
[Date "2009.08.02"]
[Round "9.15"]
[White "Cortes Bueno, Jesus Javier"]
[Black "Recuero Guerra, David"]
[Result "0-1"]
[WhiteElo "2260"]
[BlackElo "2460"]
[PlyCount "34"]
[EventDate "2009.07.27"]
[EventType "swiss"]
[EventRounds "9"]
[EventCountry "ESP"]
[Source "lmi"]
[SourceDate "2009.07.27"]

1. e4 c5 2. Nf3 d6 3. d4 cxd4 4. Nxd4 Nf6 5. Nc3 Nc6 6. Bg5 e6 7. Qd2 Be7 8.
O-O-O Nxd4 9. Qxd4 O-O 10. f3 a6 11. Bc4 b5 12. Bb3 Bb7 13. h4 Qc7 14. a3 Rfd8
15. h5 h6 16. Be3 Rac8 17. g4 d5 0-1